Từ điển thực hành điều trị y học

Gespeichert in:
Bibliographische Detailangaben
1. Verfasser: L Perlemuter
Format: Buch
Sprache:Undetermined
Veröffentlicht: Hà Nội Y học 1993
Schlagworte:
Tags: Tag hinzufügen
Keine Tags, Fügen Sie den ersten Tag hinzu!
Thư viện lưu trữ: Trung tâm Học liệu Trường Đại học Cần Thơ
LEADER 00599nam a2200181Ia 4500
001 CTU_7862
008 210402s9999 xx 000 0 und d
082 |a 615.03 
082 |b P426 
100 |a L Perlemuter 
245 0 |a Từ điển thực hành điều trị y học 
245 0 |c L Perlemuter, P Obraska; Dịch giả: Đàm Trung Trường 
260 |a Hà Nội 
260 |b Y học 
260 |c 1993 
650 |a medicine - dictionaries,therapeutics - dictionaries 
904 |i Nguyễn Huỳnh Mai, 960907 
980 |a Trung tâm Học liệu Trường Đại học Cần Thơ